zpět

Detail výsledku týmu

Baarovka, České Budějovice

Datum a čas kvízu

35.5 Celkem bodů Celkový počet nahraných bodů na tomto kvízu bez doplňovacích otázek.
1. Pořadí na kvízu Konečné umístění týmu na tomto kvízu.

Zaznamenané odpovědi

# Otázka Odpověď Body Výsledky
1. Mobilní aplikace Tečka prošla... v modré 1
2. Zaměstnanci jednoho německého... Volkswagen 1
3. Televize Nova představila minu... Ondřej Sokol 1
4. Nábytkářský řetězec IKEA ve Sp... Po masových kuličkách. 0
5. V sobotu odstartovala poslední... ve Španělsku 1
6. V následujících otázkách se po... lilek 0
7. Jak se jmenuje italský dezert... affogato 1
8. Tradiční pesto vyrobené z baza... Janov/Genova 1
9. Na severu Itálie se v kuchyni... polenta 1
10. Napište název tradičních mandl... cantuccini/cantuccio 0